Регионална библиотека "Любен Каравелов" - Русе

Партийната организация и социалната активност на трудещите се [в СССР] (Запис номер 384693)

MARC детайли
000 -Лидер
Контролно поле с фиксирана дължина nam a22 c 4500
003 - Код на организацията, давaща контролен номер
Контролно поле BLK
005 - Дата и час на последна редакция
Контролно поле 20201007040938.0
008 - Елементи от данни с фиксирана дължина
fixed length control field 200311b bul|||||r ||||||| ||bul||
040 ## - Източник на каталожния запис
Идентификатор на билиотеката - собственик на записа BLK
041 ## - Код за език
Код за езика на текст/звукозапис или на отделно заглавие Български
Код за езика КДБФ Български
080 ## - УДК
Текстов определител УДК Комунистически партии. Вж и 327.323
УДК код - определител по УДК 329.15
УДК - код + определител 329.15(47+57)
080 ## - УДК
Текстов определител УДК Трудови отношения (общи въпроси). Вкл. Отношения между участниците в производството. Производствен климат
УДК код - определител по УДК 331.104
УДК - код + определител 331.104(47+57)
100 ## - Редна дума - Автор
Автор Шепел, Виктор Максимович
Авторска отговорност първи автор
R(LIN) 1299
139 ## - Редно поле
Редна дума Шепел, Виктор Максимович
245 10 - Сведения за заглавието
Заглавие Партийната организация и социалната активност на трудещите се [в СССР]
Подзаглавни данни [Очерк]
Редно поле (дума) Виктор М. Шепел; Прев. от рус. Здравка Николова.
257 ## - Страна на издаване
Страна на създаване/издаване СССР
260 ## - Област на издателските данни
Място на издаване, разпространение и проч. София
Име на издателя, разпространителя и проч. Партиздат
Година на издаване 1982
300 ## - Физическа характеристика
Страници 159 с.
Размери/Мащаб 17 см
380 ## - Жанр
Жанр Обществени науки
490 ## - СЕРИИ (Колекции)
Име на серия Библиотечка на партийния секретар
9 (RLIN) 429825
500 ## - Общи забележки
Забележка Ориг. загл. Партийная организация и социальная активность трудящихся. - 17 577 тир. - 0,39 лв.
650 #0 - Допълнително описание по предмет – тема
9 (RLIN) 321256
Основно описание – тема или топоним Комунистически партии - СССР
650 #0 - Допълнително описание по предмет – тема
9 (RLIN) 319691
Основно описание – тема или топоним Комунистически партии - масово-политическа работа
650 #0 - Допълнително описание по предмет – тема
9 (RLIN) 279222
Основно описание – тема или топоним Социална работа
653 #7 - Ключова дума – ненормативна
Ключова дума КПСС
9 (RLIN) 189302
653 #7 - Ключова дума – ненормативна
Ключова дума партийни организации
9 (RLIN) 193396
700 ## - Други автори (авторска отговорност)
Лично име Николова, Здравка
Автороска отговорност (Описва отношението между автора и произведението) прев. от рус.
9 (RLIN) 1121
852 ## - Местоположение
Форматна сигнатура Цб І 19566
Фондова буква Хранилище
999 ## - СИСТЕМНИ КОНТРОЛНИ НОМЕРА
Koha biblionumber 384693
Koha biblioitemnumber 384693
942 ## - АРТИКУЛИ
Вид на библиотечния материал Книги
Скрит в OPAC Не
Периодичен библиозапис Да
944 ## - СЪЗДАВАНЕ И РЕДАКЦИЯ на ЗАПИСА
Създаване/Редакция Създаване
Дата на регистрацията/редакция 2020-08-24
Служител, извършил регистрацията/редакцията Кети
Наличности
Код за отписване Код за изгубен артикул Източник на класификационната схема Код за повреда Коз за рестрикции Код за отдаване Артикулен № Име на библиотеката - собственик Име на библиотеката, в която се намира в момента Статус (Текущо местоположение) Дата на вписване в системата Местоположение - отдел Цена в лева Инвентарен номер Систематично азбучна сигнатура Баркод Цена в евро Служебен тип на артикула
  Не е изгубен Universal Decimal Classification Не е повреден само за читалня ползва се в читалня 794308 Регионална библиотека "Любен Каравелов" Русе Регионална библиотека "Любен Каравелов" Русе Хранилище 2020-08-26 Хранилище 0.39 350526 Цб І 19566 120000350526 0.20 Книги
Vip Innovations Ltd, Rousse, Bulgaria 2025